La caza del hombre lobo /
-д хадгалсан:
| Үндсэн зохиолч: | |
|---|---|
| Формат: | Ном |
| Хэл сонгох: | испани |
| Хэвлэсэн: |
Barcelona, España :
Plaza y Janés,
1999, c1999
|
| Цуврал: | (Los Jet de Plaza y Janés)
(Biblioteca de C.J. Henderson ; 362/6) |
| Нөхцлүүд: | |
| Шошгууд: |
Шошго байхгүй, Энэхүү баримтыг шошголох эхний хүн болох!
|
MARC
| LEADER | 00000nam^a2200000^a^4500 | ||
|---|---|---|---|
| 001 | 000380885 | ||
| 005 | 20250521000000.0 | ||
| 009 | 20260310120624.92 | ||
| 020 | |a 84-01-47305-5 | ||
| 037 | |a Acervo ITESO - Biblioteca | ||
| 041 | |a ESP | ||
| 082 | |a 808. 899282 |b HEN | ||
| 100 | |a Henderson, C.J. |e (autor) | ||
| 245 | 1 | 3 | |a La caza del hombre lobo / |c C.J. Henderson ; tr. por Elvira Heredia. |
| 264 | 4 | |a Barcelona, España : |b Plaza y Janés, |c 1999, c1999 | |
| 300 | |a 286 p. | ||
| 336 | |a texto |b txt |2 rdacontenido | ||
| 337 | |a sin mediación |b n |2 rdamedio | ||
| 338 | |a volumen |b nc |2 rdasoporte | ||
| 440 | 5 | |a (Los Jet de Plaza y Janés) | |
| 440 | 1 | |a (Biblioteca de C.J. Henderson ; |v 362/6) | |
| 500 | |a Traducción de: All Things Under the Moon | ||
| 649 | |a XX | ||
| 650 | |a Novela Norteamericana | ||
| 650 | |a Literatura Norteamericana - |y Siglo XX | ||
| 650 | |a Literatura Juvenil | ||
| 650 | |a Licántropos en la Literatura | ||
| 650 | |a Seres Fantásticos en la Literatura | ||
| 910 | |a Fondo General | ||
| 920 | |a Impresos - Libros | ||
| 930 | |a Colección General | ||
| 940 | |a Literatura | ||
| 905 | |a 101 | ||
| 901 | |a 0500275991 |b IT1 |c LIT |i D77139 |u 20250521 | ||
| 902 | |a https://opac.biblio.iteso.mx/vufind/Record/000380885 | ||